| 000 | 00713nam a22002177a 4500 | ||
|---|---|---|---|
| 003 | BUBTL | ||
| 008 | 211205b ||||| |||| 00| 0 eng d | ||
| 020 | _a9780195669305 | ||
| 082 | _a621.3692/ K5277f/ 2004 | ||
| 100 |
_94445 _a Khare, R. P. |
||
| 245 |
_aFiber optics and optoelectronics / _cR. P. Khare |
||
| 250 | _a1st Edn. | ||
| 260 |
_aNew Delhi: _bOxford University Press, _cc2004 |
||
| 300 |
_axi, 420 p.: _bill.; _c23 cm. |
||
| 500 | _aIncludes Index | ||
| 505 | _aFiber optics and optoelectronics, R. P. Khare, Fiber optics, optoelectronics | ||
| 650 | 0 |
_94295 _aElectrical and Electronic Engineering |
|
| 856 |
_k0 _l0 _yDownload |
||
| 942 |
_2ddc _cBK |
||
| 999 |
_c6596 _d6596 |
||